Top 150 Demons Geometry Dash - Statistics

General Stats
  • This quiz has been taken 23 times
  • The average score is 55 of 150
Answer Stats
Top Creators and verifiers Levels % Correct
9. by ZmL and more, published by Exen, verified by Cursed Abyss of Darkness
100%
4. by Kiba, verified by Zoink Nullscapes
100%
1. by OniLink, Verified Zoink Tidal Wave
100%
3. by Metalface221 and more, published by ryamu, verified by Zoink Acheron
92%
2. by SyQual and more, published by PockeWindfish, verified by Zoink Avernus
92%
10. by 出見塩 Kyouki
92%
12. by Muffy450 and more, verified and published by [TCD] Diamond Sakupen Circles
92%
124. by Play 1107696, verified and published by Luqualizer Silent Club
92%
5. by TheRealSailent, verified by [DL] zoe Silent clubstep
92%
11. by Icedcave and more, published by Icedcave, verified by Doggie Slaughterhouse
92%
6. by Nikroplays and more, published by nikroplays, verified by [IQB7] Whizkid05 Anathema
85%
28. by Eggnog and more, published by MindCap, verified by [1319] BUNNYGRAM LIMBO
85%
8. by [meow] ImMaxX1 and Exen, verified by Zoink, published by Exen Tunnel of Despair
85%
67. by Enlex and more, published by Bianox, verified by - Zodiac
85%
15. by ygg24, TheLetterV and Akunakunn, verified by eastshark, published by Akunakunn BOOBAWAMBA
77%
13. by Vinty and more, published by cherryteam, verified by Zoink KOCMOC
77%
21. by Quacduc and more, published by Renn241, verified by Jori Saul Goodman
77%
134. by knobbelboy and more, verified and published by knobbelboy Bloodlust
69%
16. by Antares and more, published by ItsHybrid, verified by Doggie Deimos
69%
149. by Andromeda and more, published by Endlevel, verified by npesta Deimos
69%
17. by Buragoz and more, verified and published by [TCD] Trick Firework
69%
31. by Konsi and more, verified and published by [DL] LordVadercraft Mayhem
69%
14. by MannyHeffley, verified by [IQB7] Whizkid05 Menace
69%
7. by Atomic and more, published by xander, verified by PersonHuman42 Spectre
69%
52. by rWoomy and more, published by BoBoBoBoBoBoBo, verified by nSwish The Golden
69%
40. by Maxfs, verified by ultrakawaHD arcturus
62%
69. by nikroplays, viri and Komp, verified by Varium, published by Komp Hard Machine
62%
23. by Sevant, CDMusic and Varium, verified by Varium, published by CDMusic MINUSdry
62%
20. by Liisp and more, published by Liisp, verified by Kyasshukodo poocubed
62%
43. by Davphla and more, published by APTeamOfficial, verified by [1319] Xanii Sonic Wave Infinity
62%
47. by Riot and more, verified and published by [USSR] Dolphy Tartarus
62%
35. by Dorami and more, verified and published by Dorami The Yangire
62%
32. by GhostVandalf and Renn241, verified by iliLaSeRili, published by Renn241 walter white
62%
101. by Lieb and Giron, verified by Zeronium, published by Lieb ATOMIC CANNON Mk II
54%
55. by Giron and more, published by Lieb, verified by Zeronium ATOMIC CANNON Mk III
54%
30. by GaidenHertuny and more, published by TCTeam, verified by Pukklez Codependence
54%
58. by DiamondSplash and more, published by [FaZe] Drakosa, verified by Doggie Delta
54%
29. by knobbelboy and more, published by CDMusic, verified by Polterghast Edge of Destiny
54%
22. by hawkyre and more, published by hawkyre, verified by [DL] LordVadercraft Eyes in the Water
54%
19. by Bli and more, published by fwe, verified by [WBT] Taiago KOSETSU
54%
73. by Ilrell, Jenkins GD and Marwec, verified by AeonAir, published by Jenkins GD NEUTRA
54%
89. by nikroplays, verified by rori Renevant
54%
112. by Kiba, verified by kiseta Shardscapes
54%
24. by Linear and rynoxious, verified by [1319] swiborg, published by Linear Solar Flare
54%
26. by SyQual and VoTcHi, verified by VoTcHi, published by SyQual The Hallucination
54%
18. by Lavatrex The Lightning Rod
54%
25. by Vernam and Itami, verified by [PRIME] exsii, published by cherryteam Belladonna
46%
95. by Koreaqwer and more, published by Walroose, verified by - Calculator Core
46%
98. by Metalface221 and more, published by TrueOmega, verified by Wooshi Crimson Planet
46%
139. by Renn241, verified by [MYS] Comlayze Jesse Pinkman
46%
68. by ChiefFlurry and more, verified and published by npesta Kenos
46%
119. by Zipixbox and Platnuu, verified by RG, published by Platnuu Omega Interface
46%
54. by Nisha Verdant Landscape
46%
86. by Sminx, Wulzy and para, verified by Kapinapi, published by para Cold Sweat
38%
27. by [SKWAD] Slithium and [SKWAD] Cersia, verified by [SKWAD] Slithium, published by [SKWAD] Cersia COMBUSTION
38%
49. by benji8080 and more, verified and published by [AUF] dice88 Oblivion
38%
121. by Davphla and more, published by knobbelboy, verified by Technical Ragnarok
38%
107. by neigefeu, verified by Keir RUST
38%
97. by [JUICE] Amplitron shimmer
38%
39. by DiamondSplash and more, published by Wahffle, verified by wwdonut Sinister Silence
38%
145. by SleyGD and Sink, verified by Zeronium, published by Sink Awedsy
31%
141. by Moffe, shmigels and awesomeme360, verified by AeonAir, published by awesomeme360 BarbarosFinaleFinale
31%
111. by Taika and NineDice, verified by Cursed, published by NineDice Cobwebs
31%
63. by Zeniux and ZeusGD, verified by hstorm, published by Zeniux Critical Heat
31%
146. by [KIRB] notes, pixll and [KIRB] Slayer, verified by [KIRB] Slayer, published by [KIRB] notes Fog
31%
48. by HelpegasuS and more, published by NekonGames, verified by Gokill Jigsaw
31%
76. by iliViRuZili and more, published by ItsHybrid, verified by Crisis Keres
31%
123. by Akunakunn, verified by [IH82P] Motor8 me when machine gang
31%
38. by [SKG] Yuko. verified by [VDL] nei Midnight
31%
34. by DeniPol, verified by [USSR] BONN GD PSYCHOPATH
31%
104. by Cypher and more, published by [S9] Kugelblitz, verified by Spamdrew128 SARY NEVER CLEAR
31%
36. by Axxorz and more, published by artos, verified by skzyl SARYYX NEVER CLEAR
31%
87. by HidekiX, verified and published by Atomic Thinking Space
31%
64. by SyQual and Rainstorm, verified by Baeru, published by SyQual Trueffet
31%
41. by Gusearth and more, published by NineDice, verified by [TCD] Diamond UNKNOWN
31%
65. by Antares and more, published by Endlevel, verified by Doggie Aerial Gleam
23%
72. by [MHC] gruzy, verified by [IQB7] Whizkid05 Checked Steam
23%
100. by Endlevel and benji8080, verified by nSwish, published by Endlevel Cognition
23%
92. by DreamZoneGD, verified by BrowarKedawar ConClusion
23%
33. by NePtunE and more, published by HeroZombie80, verified by Jenath Deadlier Clubstep
23%
128. by Riot and more, published by GrenadeofTacos, verified by [1319] BUNNYGRAM Descent Into Exile
23%
83. by mestupid and more, published by [FaZe] tenzk, verified by [DL] s3batr0nic Dry Out Copyable
23%
120. by SleyGDm verified by [KIRB] Slayer Escape Room
23%
78. by iliViRuZili and more, published by Endlevel, verified by [PRIME] vaen Fragile
23%
147. by StarkythSalad, [meow] ryli06 and [DL] zoe, verified by [PRIME] Blitzer, published by StarkytheSalad LD50
23%
81. by zzzgecko and StarkytheSalad, verified by BrianTheBurger, published by StarkytheSalad Lotus Flower
23%
110. by DonutTV and CairoX, verified by Wooshi, published by CairoX Lucid Nightmares
23%
53. by CairoX and more, verified and published by iliLaSerili Natural Disaster
23%
59. by theworldofme, agat3 and [KIRB] Kaza, verified by vulcanium4, published by Agat3 NETWORK
23%
133. by [USSR] kszhyä10ki and more, published by theParadoxTeam, verified by Zeronium no jokes
23%
88. by GhostVandalf, verified by Franzy qoUEO
23%
60. by Gablor and more, published by [SKG] Yuko, verified by Baeru Shukketsu
23%
90. by Loogiah and more, published by icedcave, verified by cursed SUPERHATEMEWORLD
23%
66. by Evil Buds and Zacanaii, verified by [RF] turtle, published by Zacanaii The Paroxysm of Rage
23%
142. by [SKG] Yuko, verified by [VDL] nei Twilight
23%
50. by hawkyre and more, published by hawkyre, verified by [BHO] Cookie Viprin UFO
23%
45. by HelpegasuS and more, published by cherryteam, verified by [DL] LordVadercraft Waterfall
23%
79. by Demishio, verified by Demishio Widestep
23%
113. by Nisha and more, verified and published by VoTcHi Akashic Records
15%
135. by Buragoz and more, published by Exen, verified by Atomic Asterios
15%
42. by Waffl3x and more, published by [DOOBY] Galaxxyss, verified by [IH82P] Motor8 BEELINE
15%
144. by [PRIME] VARSE CITRA
15%
51. by [KIRB] Kaza and more, verified and published by [JUICE] Amplitron Coalescence
15%
37. by [KIRB] Nexel Collapse
15%
108. by Smokes and more, published by [MOOSH] Moosh, verified by Oscar CORRODERE
15%
102. by Riot and more, published by APTeamOfficial, verified by [DL] DoSh7t Cosmic Cyclone
15%
80. by TriplasH and more, published by AlrexX, verified by teraaa Crackhead Circles
15%
44. by Jo2000 and more, published by Dzeser, verified by Timo Damascus
15%
71. by bosjoker, verified by [DAMN!] razsta4ax Destruction 19
15%
74. by [meow] ImMaxX1, verified by [KIRB] zSquidknight DISSONANCE
15%
70. by Cenos and more, published by SyQual, verified by Baeru Esfera
15%
103. by Akunakunn, Enfur and [DAMN!] thexxuser, verified by Zytrox, published by Enfur Guideless Goobering
15%
118. by Shrc, verified by Ryclix Horros
15%
93. by KrmaL and more, published by Krazyman50, verified by [PRIME] Blitzer Instinct
15%
62. by [BHO] fusion425 and more, published by HangerLord, verified by [BHO] fusion425 Judgement Knights
15%
130. by Akunakunn, verified by Leslie Jupiter My Favourite
15%
132. by Davphla and more, published by Armadeus, verified by nSwish Kappa
15%
109. by Moffe, verified by - Launchpad Labyrinth
15%
91. by RpgRaketti and more, published by L4tezk, verified by [SARK] Bamvie Lithium
15%
57. by HugoLa and more, published by vit12, verified by [WBT] wPopoff ORDINARY
15%
138. by [MEALY] Tyson and [MEALY] MultiverseGD, verified by [MEALY] Tyson, published by [MEALY] MultiverseGD PROTON LAUNCHER
15%
105. by [KIRB] Dan2D Rigel
15%
125. by Custi and [EZ] ked, verified by [VDL] nei, published by Custi SAND SAILOR
15%
75. by HelpegasuS and more, published by TMco, verified by WatchPiggy Scream Machine
15%
117. by MaxxoRMeN, verified by [IH82P] Rqd Sides Of My Mind
15%
61. by Xyriak, verified by [PRIME] Bigthunder556 Terminal Rampancy
15%
140. by Rainstorm and more, published by Aerae, veriifed by Laniakea Terminux
15%
131. by Sink and more, published by mbed, verified by kyoto The Art of the Blade
15%
122. by para and more, published by Kyhros, verified by Slijee TORN
15%
114. by XLSpiral, verified by Wooshi Amalgam
8%
77. by NekonGames and more, published by Rimexon, verified by [DL] LordVadercraft Ascent
8%
84. by [IQB7] SaturMan Axinie
8%
46. by NitroN and more, published by Inex, verified by [MHC] maybee BPATA MPAKA
8%
56. by HushLC and Wain, verified by Wain, published by HushLC Climax
8%
126. by [DAMN!] Washed and awesomeme360, verified by [DAMN!] Washed, published by awesomeme360 Coral Cave
8%
99. by [meow] ryli06 and Nightning, verified by SwordBx, published by [meow] ryli06 DIRECTIONS
8%
137. by spcreat and [MYS] UFWM, verified and published by spcreat Excruciation Chamber
8%
82. by Reda and more, published by Quaybus, verified by Varium Frost Spirit
8%
115. by Walroose and more, published by Mercury6779, verified by [PRIME] Bigthunder556 Indivine
8%
136. by silver and more, published by nabbbbbb, verified by [KIRB] VoltreN Nabil Let Go
8%
143. by recillia, verified by [S9] joeingly Neon Skyline
8%
127. by robotchief and more, published by [SKWAD] Cersia, verified by [FRIKI] TGM05 Pandemonium
8%
85. by Endlevel and more, published by Endlevel, verified by RicoLP Promethean
8%
116. by Viper Arctatus and more, published by Surjaco, verified by [PRIME] vaen RUTHLESS
8%
94. by Dorvict Sky Shredder
8%
129. by Ka1ns, verified by [USSR] Dolphy The Rupture
8%
96. by Ani and more, published by cherryteam, verified by [USSR] ItzTayfun Trotil
8%
106. by Kapycta999, verified by [USSR] BONN GD Ykds1479ymdppr
8%
148. by [PRIME] DTDom and more, published by NindyBK, verified by noxiom Gracefully
0%
150. by Zeptrus, verified by skycrab Sazerix
0%
No matching quizzes found
Score Distribution
Percent of People with Each Score
Percentile by Number Answered
Your Score History
You have not taken this quiz